[Event "European Blitz-ch 2018"]
[Site "Skopje"]
[Date "2018.12.06"]
[Round "1"]
[White "Kalogridakis, Georgios"]
[Black "Saric, Ivan"]
[Result "0-1"]
[WhiteElo "2144"]
[BlackElo "2695"]
[Annotator "TA"]
[PlyCount "60"]
[EventDate "2018.12.06"]
[EventType "swiss"]
[EventCountry "MKD"]
[SourceTitle "playchess.com"]
[Source "ChessBase"]
[SourceQuality "1"]

{[%evp 19,60,10,11,-22,0,-29,-24,-40,-27,-89,-66,-74,-60,-56,-72,-203,-212,-283,-266,-270,-266,-421,-420,-610,-377,-367,-305,-548,-510,-1320,-1324,-29963,-29958,-29994,-29987,-29987,-29988,-29986,-29974,-5489,-5389,-29988,-29989]} 1. e4 g6 2. d4 d6 3. g3 Bg7 4. Bg2 Nf6 5. Nc3 O-O 6. Nge2 {[%cal Bg1e2,Be2d4,Bd4b3][%mdl 32]} e5 7. h3 exd4 8. Nxd4 Nc6 9. Be3 Bd7 10. O-O Re8 {LiveBook: 316 Games} 11. Nb3 {B07: Pirc Defence: Miscellaneous Systems} (11. Re1 Qc8 12. Kh2 Re5 13. g4 h5 14. g5 Nh7 15. f4 Re8 16. h4 Nxd4 17. Bxd4 Bxd4 18. Qxd4 Bc6 19. Rad1 {1-0 (96) Puranik,A (2514)-Sjugirov,S (2677) Abu Dhabi 2018}) 11... Rb8 $146 ({Predecessor:} 11... a5 12. a4 Nb4 13. Re1 Bc6 14. Bd4 b6 15. Qe2 Qd7 16. f3 Rac8 17. Kh2 Re7 18. Bf1 Bb7 19. Nb5 Nc6 20. c4 Nxd4 21. N3xd4 c6 22. Nc3 Qc7 23. f4 {1-0 (23) Neelotpal,D (2461)-Ramnath,B (2352) Mumbai 2013}) 12. Re1 b5 13. a3 {Black has an edge.} a5 {[%cal Ba7a5,Ba5b4][%mdl 32]} 14. Qd2 (14. f3 $11 {remains equal.}) 14... b4 15. axb4 axb4 16. Nd5 Nxe4 17. Bxe4 (17. Qd3 $17 {keeps fighting.} Nf6 18. Bg5 Rxe1+ 19. Rxe1) 17... Rxe4 $19 18. Bg5 Rxe1+ 19. Rxe1 f6 20. Bh6 {[#]} (20. Bf4 $142 g5 21. Nxc7 gxf4 22. Ne6) 20... Ne5 $1 {[%cal Re5f3] And now ...Nf3+ would win.} 21. Kg2 (21. Nd4 $142 c5 22. Bxg7 Kxg7 23. f4 cxd4 24. fxe5 dxe5 25. Ra1) 21... Bc6 22. Bxg7 Kxg7 23. f4 $2 (23. f3) 23... Rb5 24. fxe5 (24. Kf2 $142 Rxd5 25. Qxb4) 24... Rxd5 {[%mdl 64] [#] Double Attack} 25. exf6+ Qxf6 26. Qe3 Re5+ 27. Kg1 Rxe3 28. Rxe3 Qxb2 29. Re7+ Kf6 30. Rxc7 Qb1+ {Accuracy: White = 14%, Black = 59%.} 0-1

[Event "European Blitz-ch 2018"]
[Site "Skopje"]
[Date "2018.12.06"]
[Round "1"]
[White "Mikluc, Davorin"]
[Black "Cheparinov, Ivan"]
[Result "0-1"]
[WhiteElo "2137"]
[BlackElo "2709"]
[Annotator "TA"]
[PlyCount "80"]
[EventDate "2018.12.06"]
[EventType "swiss"]
[EventCountry "MKD"]
[SourceTitle "playchess.com"]
[Source "ChessBase"]
[SourceQuality "1"]

{[%evp 19,80,-30,-19,-10,-14,-51,-23,-39,-6,-45,-41,-193,-170,-257,-237,-368,-380,-378,-366,-366,-377,-355,-359,-358,-72,-73,-23,-66,-80,-117,-110,-126,-93,-96,-135,-150,-161,-268,-268,-283,-285,-270,-275,-480,-466,-703,-693,-666,-502,-742,-743,-695,-314,-806,-517,-1786,-1700,-1563,-1348,-6279,-5406,-6279,-6003]} 1. e4 c6 2. d4 d5 3. e5 c5 4. dxc5 e6 5. Be3 Nd7 6. Bb5 {B12: Caro-Kann: Advance Variation} Ne7 7. Nf3 Nf5 8. Bd4 Qa5+ 9. Nc3 a6 10. Bxd7+ Bxd7 {LiveBook: 4 Games} 11. O-O Nxd4 12. Qxd4 $146 {Black should prevent b4.} ({Predecessor:} 12. Nxd4 Qxc5 13. Qg4 Qb6 {½-½ (60) Petenyi,T (2428)-Cheparinov,I (2681) Jerusalem 2015}) 12... Bxc5 13. Qg4 O-O 14. a3 {Threatens to win with b4.} (14. Nxd5 $5 Bxf2+ 15. Rxf2 Qxd5 16. Rd2 Qc5+ 17. Qd4 Qxd4+ 18. Rxd4 $11) 14... Qc7 15. Rad1 $2 {[#]} (15. Ne2 $15) 15... Bxa3 $1 $19 {[%mdl 512]} 16. Ne2 (16. Rb1 $142) (16. bxa3 Qxc3) 16... Bxb2 17. c3 (17. Nf4 $142) 17... Bb5 18. Nfd4 Bxe2 19. Nxe2 {intending Qb4.} Qxe5 20. Rd3 Rac8 21. Re3 Qf6 $2 (21... Qd6 $19 {has better winning chances. ...Rc4 is the strong threat.} 22. Rg3 g6) 22. Qb4 $17 {[#]} Bxc3 $1 23. Nxc3 Rc4 24. Qb3 b5 {[%cal Bb7b5,Bb5b4][%mdl 32]} 25. Ne2 b4 26. h3 a5 {[%cal Ba6a5,Ba5a4,Ba4a3,Ba3a2][%mdl 32]} 27. Rb1 Ra8 28. Qd3 (28. Qa4 {might work better.}) 28... a4 $19 29. Rf3 Qg6 30. Qd1 a3 31. Nf4 $2 (31. Rd3) 31... Qe4 32. Nd3 (32. Ra1 $142 a2 33. Ne2) 32... a2 33. Ra1 Rc3 34. Nb2 Rxf3 35. gxf3 Qf5 (35... Qg6+ $142 36. Kh1 {[#]} b3 $1 {[%mdl 512]}) 36. Kg2 $2 (36. Na4) 36... h5 {Black is clearly winning.} 37. Qd3 (37. Nd3 $142 Qg5+ 38. Kf1) 37... Qxd3 38. Nxd3 b3 39. Kf1 Rc8 40. Ke1 Rc3 {Accuracy: White = 27%, Black = 58%.} 0-1

[Event "European Blitz-ch 2018"]
[Site "Skopje"]
[Date "2018.12.06"]
[Round "1"]
[White "Nasibullin, Iskander"]
[Black "Navara, David"]
[Result "0-1"]
[WhiteElo "2091"]
[BlackElo "2736"]
[Annotator "TA"]
[PlyCount "92"]
[EventDate "2018.12.06"]
[EventType "swiss"]
[EventCountry "MKD"]
[SourceTitle "playchess.com"]
[Source "ChessBase"]
[SourceQuality "1"]

{[%evp 25,92,0,0,0,51,41,76,88,82,81,86,76,85,68,93,97,157,161,194,174,185,158,153,148,147,0,0,0,0,0,100,-128,68,-118,-115,-118,-125,-128,-124,-140,-136,-187,-139,-175,-148,-141,-129,-130,-118,-383,-317,-463,-481,-474,-441,-790,-790,-766,-672,-672,-670,-29978,-29979,-29978,-29980,-29980,-29980,-6303,-6290]} 1. e4 c5 2. Nf3 d6 3. d4 cxd4 4. Nxd4 Nf6 5. Nc3 a6 6. Bc4 e6 7. a3 Be7 8. Ba2 O-O 9. O-O b5 10. f4 Bb7 11. Qe2 Nbd7 {B86: Sicilian Scheveningen/Najdorf: 6 Bc4, without early ...b5} (11... Nc6 12. Nxc6 Bxc6 13. f5 e5 14. Rd1 a5 15. Nd5 b4 16. Nxf6+ Bxf6 17. Bd5 Bxd5 18. Rxd5 Qb6+ 19. Be3 Qc6 20. Qd3 Be7 {½-½ (28) Viterbo Ferreira,J (2338)-Hoffmann,M (2482) Porto 2012}) 12. e5 dxe5 13. fxe5 Bc5 {LiveBook: 3 Games. The position is equal.} 14. Be3 Qb6 (14... Nxe5 $11 15. Nxe6 {[%mdl 64] Double Attack} Bxe3+ 16. Qxe3 fxe6 17. Qxe5 Qb6+ 18. Kh1 Rae8) 15. Rad1 $1 $14 {[%cal Ba1d1,Bd1d3,Bd3g3][%mdl 32]} Nd5 16. Bxd5 $146 ({Predecessor:} 16. Nxd5 Bxd5 17. Bxd5 exd5 18. b4 Bxd4 19. Bxd4 {1-0 (52) Klimentov,E (2301)-Yaroslavtsev,A (2006) St Petersburg 2017}) 16... exd5 17. b4 $1 {[%cal Rb4c5]} Bxd4 18. Bxd4 Qe6 19. Rd3 Rac8 20. Rg3 Rc4 (20... Rc7 $142) 21. Qe3 $1 $16 Re8 {[%cal Rd7e5]} 22. Ne2 Nxe5 23. Nf4 ({Inferior is} 23. Qg5 Ng6 $11) 23... Qe7 24. Nh5 Ng6 {aiming for ...Qxe3+.} 25. Qxe7 (25. Qf2 $1 $16 Rxd4 26. Qxd4) 25... Rxe7 $11 26. c3 f6 {[#]} 27. h4 $1 {[%mdl 512]} Rc8 {[#]} (27... Rc6 $11) (27... Nxh4 28. Nxf6+) 28. Rg4 $2 {[#]} (28. Nxf6+ $1 $16 {[%mdl 512] keeps the pressure on.} gxf6 29. h5) 28... Bc6 $2 {[#]} (28... Re4 $1 $17 {[%cal Re4g4]} 29. Rff4 Nxf4 30. Nxf6+ Kf8 31. Nxe4 Ne2+ 32. Kf2 Nxd4) 29. Ng3 $2 (29. Nxf6+ $1 $14 {[%mdl 512]} gxf6 30. h5) 29... Bd7 $17 30. Nf5 Bxf5 31. Rxf5 Ne5 $36 {[%mdl 2048] Black has strong initiative.} 32. Rg3 Kf7 33. Re3 (33. h5 $17 {was called for.}) 33... Rce8 34. Kf1 g6 35. Rf2 Ng4 36. Rxe7+ Rxe7 {[%mdl 4096] Endgame KRB-KRN} 37. Rf4 $2 {[%mdl 8192]} (37. Rd2 $17 {keeps fighting.}) 37... Re4 $19 38. Rxe4 (38. g3 $142) 38... dxe4 {KB-KN} 39. Ke2 Ke6 40. g3 (40. c4 $142 bxc4 41. Bb2) 40... Kd5 41. Kd2 f5 42. Bb6 Ne5 {White must now prevent ...Nc4+.} 43. Be3 Nc4+ 44. Ke2 Nxe3 45. Kxe3 Kc4 46. Kd2 Kb3 {Accuracy: White = 38%, Black = 53%.} 0-1

[Event "European Blitz-ch 2018"]
[Site "Skopje"]
[Date "2018.12.06"]
[Round "1"]
[White "Krasniqi, Avni"]
[Black "Kalezic, Blazo"]
[Result "1-0"]
[WhiteElo "1885"]
[BlackElo "2460"]
[Annotator "TA"]
[PlyCount "40"]
[EventDate "2018.12.06"]
[EventType "swiss"]
[EventCountry "MKD"]

{[%evp 16,40,22,-2,25,28,26,5,64,-383,30,31,28,11,78,-12,983,697,1408,1149,1755,927,1736,1391,2036,1093,1088]} 1. e4 e6 2. Nf3 d5 3. exd5 exd5 4. d4 Nf6 5. Bd3 Bd6 6. O-O O-O 7. Bg5 Bg4 8. Nbd2 Nbd7 9. c3 {LiveBook: 157 Games} b6 {C01: French: Exchange Variation} (9... c6 10. Qc2 h6 11. Bh4 Qc7 12. Rae1 Bxf3 13. Nxf3 Rfe8 14. Bg3 Bxg3 15. hxg3 Kf8 16. Bf5 {½-½ (16) Nepomniachtchi,I (2757)-Meier,G (2628) Jerusalem 2018}) 10. h3 $146 ({Predecessor:} 10. Qc2 h6 11. Bh4 c5 12. Bf5 Qc7 13. Bg3 Bxf5 14. Qxf5 Rfe8 15. Rae1 Nf8 16. Ne5 Ne6 17. Ndf3 {1-0 (40) Blasko,I (1995)-Fazekas,Z Godollo 1996}) 10... Bh5 11. a4 Bg6 (11... c6 $11) 12. a5 $2 {[%mdl 8192] [#]} (12. Bb5 $14 {stays ahead.}) 12... c5 $2 ({Better is} 12... Bxd3 $19 13. Re1 Re8) 13. Bxg6 $11 hxg6 14. dxc5 bxc5 {[#]} (14... Nxc5 $11 {keeps the balance.} 15. Nb3 Re8) 15. c4 (15. Nc4 $1 $16 {[%cal Rc4d6]} Qc7 16. Ne3 (16. Nxd6 Qxd6 17. Re1 Rfe8 $11)) 15... Ne4 $2 {[%mdl 8192]} (15... d4 $11) 16. Nxe4 {White is clearly winning.} Ne5 17. Nxe5 Re8 18. Rb1 a6 19. Re1 Re7 20. h4 Bxe5 {Accuracy: White = 22%, Black =  8%.} 1-0